Separations

Bibliographic Details
Main Author: Lehrman, Robert
Format: Book
Published: New York : Viking , 1990
Subjects:

MARC

LEADER 00000cam a2200000 7i4500
001 0000001928
002 000002095
005 20000330.0
020 |a 0670816469 
090 0 0 |a JF   |b LEH 
100 1 |a Lehrman, Robert 
245 1 0 |a Separations   |c Robert Lehrman 
260 |a New York :   |b Viking ,   |c 1990 
300 |a 212p. ;   |c 22cm. 
650 0 0 |a Children's stories 
999 |a 035244   |b BUKU   |c PINJAMAN   |e PERPUSTAKAAN KOMUNITI PETALING JAYA